Retrospectiva Federico Sancho (Record no. 173263)

MARC details
000 -LEADER
campo de control de longitud fija 00842nam a2200229 i 4500
001 - NÚMERO DE CONTROL
campo de control 173263
003 - IDENTIFICADOR DE NÚMERO DE CONTROL
campo de control ES-MaACL
005 - FECHA Y HORA DE LA ÚLTIMA TRANSACCIÓN
campo de control 20230906215207.0
008 - DATOS DE LONGITUD FIJA--INFORMACIÓN GENERAL
campo de control de longitud fija 091120s2009 sp a |||| | spa d
080 ## - NÚMERO DE LA CLASIFICACIÓN DECIMAL UNIVERSAL
Número de la Clasificación Decimal Universal 7 Sancho, Federico (060.64)
100 1# - ENTRADA PRINCIPAL--NOMBRE DE PERSONA
Nombre de persona Sancho, Federico.
9 (RLIN) 141585
245 10 - MENCIÓN DEL TÍTULO
Título Retrospectiva Federico Sancho
Resto del título : del 30 d'octubre al 29 de novembre de 2009, Museu d'Art Modern, Tarragona.
260 ## - PUBLICACIÓN, DISTRIBUCIÓN, ETC.
Lugar de publicación, distribución, etc. Tarragona :
Nombre del editor, distribuidor, etc. Diputació de Tarragona,
Fecha de publicación, distribución, etc. [2009]
300 ## - DESCRIPCIÓN FÍSICA
Extensión [33] h. :
Otras características físicas principalmente il. col. y n. ;
Dimensiones 15 x 17 cm.
546 ## - NOTA DE IDIOMA
Nota de lengua/lenguaje Texto en catalán y castellano.
600 14 - PUNTO DE ACCESO ADICIONAL DE MATERIA--NOMBRE DE PERSONA
Nombre de persona Sancho, Federico-
Subdivisión de forma Exposiciones.
9 (RLIN) 141586
655 #7 - TERMINO DE INDIZACIÓN--GENERO/FORMA
Fuente del término tgfbne
9 (RLIN) 193628
Datos o término principal de género/forma Catálogos de exposiciones
710 2# - ENTRADA AGREGADA--NOMBRE DE ENTIDAD CORPORATIVA
Nombre de entidad corporativa o nombre de jurisdicción como elemento de entrada Museu d'Art Modern (Tarragona)
9 (RLIN) 5935
852 ## - LOCALIZACIÓN
Ubicación ES-MaACL
Número de control de estantería 2255-F-1
942 ## - ELEMENTOS DE ENTRADA SECUNDARIOS (KOHA)
Fuente del sistema de clasificación o colocación Clasificación decimal universal
Holdings
Estatus retirado Estado de pérdida Estado de daño No para préstamo Colección Biblioteca de origen Biblioteca actual Ubicación en estantería Fecha de adquisición Fuente de adquisición Total de préstamos Signatura topográfica completa Código de barras Visto por última vez Precio de reemplazo Tipo de ítem Koha
        Colección de folletos Biblioteca del Ateneo de Madrid Biblioteca del Ateneo de Madrid Depósito folletos 20/11/2009     2255-F-1 1181833 23/02/2023 23/02/2023 Folleto